Central Library OPAC University of Rajshahi

Project management for IT-related projects : (Record no. 15610)

MARC details
000 -LEADER
fixed length control field 01009nam a2200289 a 4500
001 - CONTROL NUMBER
control field 15610
003 - CONTROL NUMBER IDENTIFIER
rucl marc code BD-RjUL
005 - DATE AND TIME OF LATEST TRANSACTION
control field 20211208235844.0
008 - FIXED-LENGTH DATA ELEMENTS--GENERAL INFORMATION
fixed length control field 140210r20082007enka s 001 0 eng d
020 ## - INTERNATIONAL STANDARD BOOK NUMBER
Canceled/invalid ISBN 9781902505589
Canceled/invalid ISBN 1902505581
035 ## - SYSTEM CONTROL NUMBER
System control number (BD-RjUL)15665
040 ## - CATALOGING SOURCE
Original cataloging agency CtWfDGI
Language of cataloging eng
Transcribing agency CtWfDGI
Modifying agency BD-RjUL
041 ## - LANGUAGE CODE
Language code of text/sound track or separate title eng
082 04 - DEWEY DECIMAL CLASSIFICATION NUMBER
Edition number 22
Classification number 658.404
Author mark and year PRO 2008
245 00 - TITLE STATEMENT
Title Project management for IT-related projects :
Remainder of title textbook for the ISEB foundation certificate in IS project management /
Statement of responsibility, etc. Bob Hughes ... [et al.].
256 ## - COMPUTER FILE CHARACTERISTICS
Computer file characteristics Computer document.
260 ## - PUBLICATION, DISTRIBUTION, ETC. (IMPRINT)
Place of publication, distribution, etc. Swindon, U.K. :
Name of publisher, distributor, etc. British Computer Society,
Date of publication, distribution, etc. 2007 [reprinted 2008].
Place of manufacture (Norwood, Mass. :
Manufacturer Books24x7.com [generator])
300 ## - PHYSICAL DESCRIPTION
Pagination x, 130 p. :
Illustrations ill.;
Size 28 cm.
500 ## - GENERAL NOTE
General note Title from title screen.
General note Includes index.
650 #0 - SUBJECT ADDED ENTRY--TOPICAL TERM
Topical term or geographic name as entry element Project management.
9 (RLIN) 48458
Topical term or geographic name as entry element Information technology
General subdivision Management.
9 (RLIN) 42475
700 1# - ADDED ENTRY--PERSONAL NAME
Personal name Hughes, Bob.
942 ## - ADDED ENTRY ELEMENTS (KOHA)
Source of classification or shelving scheme Dewey Decimal Classification
Koha item type Books
Holdings
Lost status Source of classification or shelving scheme Damaged status Not for loan Collection code Permanent Location Current Location Shelving location Date acquired Source of acquisition Cost, normal purchase price Total Checkouts Full call number Date last seen Copy number Koha item type
  Dewey Decimal Classification     Non-fiction Central Library, University of Rajshahi Central Library, University of Rajshahi   11/07/2009 Dhaka, Ahsania mission book dis. home. 867.30   658.404 PRO 2008 10/02/2014 C-3 Books
  Dewey Decimal Classification     Non-fiction Central Library, University of Rajshahi Central Library, University of Rajshahi   11/07/2009 Dhaka, Ahania 867.30   658.404 PRO 2008 23/11/2016 C-2 Books
  Dewey Decimal Classification   Not For Loan Non-fiction Central Library, University of Rajshahi Central Library, University of Rajshahi Reading Room 11/07/2009 Dhaka, Ahsamia mission book Dhaka 867.30   658.404 PRO 2008 17/01/2017 C-1 Books
  Dewey Decimal Classification     Non-fiction Central Library, University of Rajshahi Central Library, University of Rajshahi   11/07/2009 Ahsania Mission book , Dhaka 867.30   658.404 PRO 2008 26/08/2019 C-4 Books